|
|
|
|
| LEADER |
00000nab a2200000 a 4500 |
| 001 |
vtls000801039 |
| 003 |
SK-MaSNL |
| 005 |
20260302152144.0 |
| 008 |
180206c2002 xo 0 slo |
| 015 |
|
|
|a SNBRB2002/07-23429
|
| 035 |
|
|
|a CLN000152694
|
| 040 |
|
|
|a SNKBUCL
|b slo
|c SNKBUCL
|e AACR2
|
| 041 |
0 |
|
|a slo
|
| 044 |
|
|
|a xo
|c SK
|
| 080 |
|
|
|a 796.323.093.1-053.6(4)
|2 UDC-MRF-SK2
|
| 100 |
0 |
|
|a (tg)
|4 aut
|9 838908
|
| 245 |
1 |
0 |
|a Jednou nohou vo štvrťfinále
|b 20. ME v basketbale junioriek: dve víťazstvá a prehra tímu SR
|c [autor] (tg)
|
| 611 |
1 |
7 |
|a Majstrovstvá Európy junioriek v basketbale
|d 2002
|c Škofja Loka, Slovinsko
|2 snkbucl
|9 844906
|
| 650 |
0 |
7 |
|a basketbal
|x juniorky
|2 snkbucl
|9 844907
|
| 655 |
|
7 |
|a články z novín a časopisov
|2 snkbucl
|9 267496
|
| 773 |
0 |
|
|x 0139-7001
|t Šport
|g Roč. 56, č. 162 (15.7.2002), s. 4
|
| 850 |
|
|
|a Slovenská národná knižnica v Martine
|
| 852 |
|
|
|a SNK
|b KIS3GCP
|
| 958 |
|
|
|a RBX
|
| 999 |
|
|
|c 1361920
|d 1363850
|